000 00637cam a2200205 a 4500
001 000017574
005 20200929165145.0
008 771026s1939 ag 000 1 spa d
040 _aDO-SdBNP
_bspa
_cLC
_dBNPHU
082 _a946
_bA991v
100 1 _aAzaña, Manuel,
_d1880-1940
_938343
245 1 3 _aLa velada en Benicarló :
_bdiálogo sobre la guerra de España /
_cManuel Azaña.
260 _aBuenos Aires :
_bLosada,
_c1939.
300 _a187 p. ;
_c21 cm.
490 1 _aCristal del Tiempo
651 4 _aEspaña
_xHistoria
_98844
830 0 _aCristal del Tiempo
_938344
910 _aCatalogación por copia / LC
049 _aBNGR
999 _c17099
_d17099